00516nam a2200169Ia 4500008004000000082001800040100002000058245002100078260003400099300000800133440000600141650001400147690002000161906001200181999001900193952013400212210210b1979 xxu||||| |||| 00| 0 eng d a823.0876 ASIE aASIMOV (Issac). aEarly Asimov V3. aN YbGranada Publishingc1979 a192 a3 aAsimov  aScience Fiction aSG01867 c113426d113426 001040708EnglishaALbALcEnglish Literatured2021-02-17g0.00l0o823.0876 ASIEpSG01867r2021-02-17 00:00:00w2021-02-17ySG